000 01141cam a22003257a 4500
001 998
005 20230815145808.0
008 010418s2000 nyua b 000 1 eng d
020 _a0439184746 (pbk.)
040 _aEOW
_cEOW
_dDLC
_dDLC
_beng
050 0 0 _aPZ7.P915
_bCarm 2000
082 0 0 _a[E]
_222
100 1 _aPreller, James
245 1 4 _aThe case of the class clown /
_cby James Preller ; illustrated by Jamie Smith.
260 _aNew York :
_bScholastic,
_c2000
300 _a73 pages :
_billustrations ;
_c20 cm
490 1 _aA Jigsaw Jones mystery ;
_vBook 12
500 _a"A Little Apple paperback."
505 _aE
520 _aWhen Athena Lorenzo becomes the target of a class clown, she hires Jigsaw and Mila to figure out who is behind the practical jokes.
521 8 _a280
_bLexile
521 8 _aE
_bRaz-Plus
650 0 _aDetective and mystery stories.
650 1 _aPractical jokes
_vFiction.
650 1 _aSchools
_vFiction.
650 1 _aMystery and detective stories.
700 1 _aSmith, Jamie
_d1971-
_eillustrator
906 _a7
_bcbc
_ccopycat
_d3
_encip
_f20
_gy-gencatlg
942 _2ddc
_cBK
_n0
999 _c998
_d998